000 00586nam a2200181Ia 4500
008 151018s9999 xx 000 0 und d
082 _bRBASDV48871
_a891.463
100 _aविलास साळोखे
245 _aवचन दिले तू मला
250 _b1
260 _bअजब प्रकाशन
_c2009
300 _a176
600 _aविलास साळोखे
630 _aवचन दिले तू मला
700 _aविलास साळोखे
730 _aवचन दिले तू मला
942 _cBOOK
999 _c1047995
_d1047992